00218 a2200109 4500245003100000100001600031700001400047700001400061260000900075300001500084035000900099 aRelaxation thérapeutique aMeyer, J-P. aBaron, E. aChene, J. c1986 aXII-139 p. a3582